[Event "CFriend AC-2003-S-00003 email"]
[Site "Chessfriend.com"]
[Date "2004.12.01"]
[Round "1"]
[White "Claridge, John"]
[Black "Aboutayil, Mohammed"]
[Result "1/2-1/2"]
[WhiteElo "2371"]
[BlackElo "2171"]
[PlyCount "77"]
[EventDate "2004.??.??"]
[EventType "tourn (corr)"]
[EventRounds "6"]
[SourceTitle "Corr 2024"]
[Source "ChessBase"]
[SourceDate "2023.10.19"]
[SourceVersion "1"]
[SourceVersionDate "2023.10.19"]
[SourceQuality "1"]

1. e4 c5 2. Nf3 d6 3. d4 cxd4 4. Nxd4 Nf6 5. Nc3 g6 6. Be3 Bg7 7. f3 0-0 8. Qd2 Nc6 9. 0-0-0 d5 10. Qe1 e5 11. Nxc6 bxc6 12. exd5 cxd5 13. Bg5 Be6 14. Bc4 Qc7 15. Bxf6 dxc4 16. Bxg7 Kxg7 17. Nd5 Bxd5 18. Rxd5 f6 19. Qc3 Rad8 20. Rhd1 Rxd5 21. Rxd5 Rf7 22. Qa5 Qb8 23. Rd8 Qc7 24. Qxc7 Rxc7 25. Kd2 Kf7 26. Kc3 Ke7 27. Rd5 Ke6 28. Ra5 f5 29. Ra4 Kd5 30. h3 g5 31. Ra5+ Ke6 32. g4 f4 33. Ra6+ Kd5 34. Ra5+ Rc5 35. Rxc5+ Kxc5 36. b3 cxb3 37. axb3 a6 38. Kd3 Kb4 39. Kd2 1/2-1/2

[Event "CFriend AQ-2004-0-00003 email"]
[Site "Chessfriend.com"]
[Date "2004.01.18"]
[Round "?"]
[White "Horchler, Philip"]
[Black "Aboutayil, Mohammed"]
[Result "1-0"]
[WhiteElo "1800"]
[BlackElo "2166"]
[PlyCount "47"]
[EventDate "2004.??.??"]
[EventType "tourn (corr)"]
[EventRounds "13"]
[SourceTitle "Corr 2008"]
[Source "ChessBase"]
[SourceDate "2008.06.24"]
[SourceVersion "1"]
[SourceVersionDate "2008.06.24"]
[SourceQuality "1"]

1. c4 Nf6 2. Nc3 d5 3. cxd5 Nxd5 4. g3 g6 5. Bg2 Nxc3 6. bxc3 Bg7 7. Nf3 0-0 8. 0-0 e5 9. Rb1 e4 10. Ne1 Re8 11. Qc2 Qe7 12. d3 exd3 13. exd3 c5 14. Be3 Nc6 15. Rb5 c4 16. dxc4 Be6 17. Qb3 Qd8 18. Qa4 Rb8 19. Nc2 Bd7 20. Rd5 Qc8 21. Nb4 Bxc3 22. Rxd7 Qxd7 23. Nxc6 Rbc8 24. Rd1 1-0

[Event "CFriend AC-2003-Q-00015 email"]
[Site "Chessfriend.com"]
[Date "2003.12.03"]
[Round "?"]
[White "Aboutayil, Mohammed"]
[Black "Siewert, Wolfgang"]
[Result "1-0"]
[WhiteElo "2166"]
[BlackElo "2275"]
[PlyCount "99"]
[EventDate "2003.12.03"]
[EventType "tourn (corr)"]
[EventRounds "10"]
[SourceTitle "Corr 2008"]
[Source "ChessBase"]
[SourceDate "2008.06.24"]
[SourceVersion "1"]
[SourceVersionDate "2008.06.24"]
[SourceQuality "1"]

1. c4 e5 2. Nc3 Bb4 3. Nd5 Be7 4. d4 d6 5. e4 Nc6 6. Ne2 Nf6 7. Nxf6+ Bxf6 8. d5 Ne7 9. Ng3 Ng6 10. Nh5 0-0 11. Nxf6+ Qxf6 12. h4 Nf4 13. h5 g6 14. h6 g5 15. g3 Qg6 16. Qf3 g4 17. Qe3 Nh3 18. f3 f5 19. exf5 Qxf5 20. Bxh3 gxh3 21. g4 Qg6 22. Rxh3 e4 23. Rh5 Rxf3 24. Qe2 Kh8 25. Rg5 Qf6 26. Be3 c5 27. 0-0-0 Bd7 28. Rg7 Ba4 29. Re1 Rf8 30. Rxb7 Rf7 31. g5 Qe5 32. Rxf7 Rxf7 33. Bd2 Kg8 34. Qxe4 Qg3 35. Qe3 Qxe3 36. Bxe3 Bd7 37. Bd2 Bh3 38. Re8+ Rf8 39. Rxf8+ Kxf8 40. Bf4 a6 41. Bxd6+ Kf7 42. Bxc5 Kg6 43. Be7 Kf7 44. Bd8 Bf5 45. Kd2 Ke8 46. Ba5 Kd7 47. Ke3 Bg6 48. Kd4 Ke7 49. c5 Be8 50. Ke5 1-0

[Event "CFriend AC-2003-Q-00015 email"]
[Site "Chessfriend.com"]
[Date "2003.12.03"]
[Round "?"]
[White "Billaudelle, Frank"]
[Black "Aboutayil, Mohammed"]
[Result "1/2-1/2"]
[WhiteElo "2099"]
[BlackElo "2166"]
[PlyCount "46"]
[EventDate "2003.12.03"]
[EventType "tourn (corr)"]
[EventRounds "10"]
[SourceTitle "Corr 2008"]
[Source "ChessBase"]
[SourceDate "2008.06.24"]
[SourceVersion "1"]
[SourceVersionDate "2008.06.24"]
[SourceQuality "1"]

1. Nf3 Nf6 2. d4 g6 3. c4 Bg7 4. Nc3 d5 5. cxd5 Nxd5 6. e4 Nxc3 7. bxc3 0-0 8. Be2 c5 9. 0-0 Bg4 10. Rb1 Nc6 11. Rxb7 Bxf3 12. Bxf3 cxd4 13. Qa4 Qc8 14. Rb3 Be5 15. c4 Qc7 16. g3 Na5 17. Rb4 Rfc8 18. Bg5 Nc6 19. Rbb1 Qa5 20. Qxa5 Nxa5 21. Bxe7 Rxc4 22. Bg5 Rc3 23. Bg2 Re8 1/2-1/2